| 000 | 01119nam a22002777a 4500 | ||
|---|---|---|---|
| 005 | 20101206113148.0 | ||
| 008 | 101206t xxu||||| |||| 00| 0 hin d | ||
| 010 | _aHIN-93263 | ||
| 020 |
_c390.00 _a8181871383 |
||
| 035 | _aHN-65609 | ||
| 037 | _bDBAD/PUB | ||
| 040 |
_aDPL _bHN |
||
| 082 | _a346.029 | ||
| 100 |
_924598 _aयोगराज डंग ' विद्रोही ' |
||
| 245 |
_aवकालतनामा / _cयोगराज डंग ' विद्रोही ' |
||
| 246 |
_aVakalatnama _bby Yograj Dang ' Vidrohi' |
||
| 260 |
_aदिल्ली _bआलेख प्रकाशन _c2011 |
||
| 270 |
_bदिल्ली _aवी-8, नवीन शाहदरा _e110032 |
||
| 300 |
_a200पृ. _c22सेमी (सजिल्द) _bसचित्र |
||
| 650 | _91169 | ||
| 650 | _929580 | ||
| 700 | _924599 | ||
| 700 | _924924 | ||
| 942 |
_2ddc _cHN _mयोगरा _h346.029 |
||
| 999 |
_c54016 _d54016 |
||